Festschrift für Eduard Dreher: zum 70. Geburtstag am 29. April 1977

Guardado en:  
Detalles Bibliográficos
Otros Autores: Jescheck, Hans-Heinrich 1915-2009 (Editor) ; Dreher, Eduard 1907-1996 (Honrrado)
Tipo de documento: Print Libro
Lenguaje:Alemán
Español
Publicado: Berlin [u.a.] de Gruyter 1977
En:Año: 1977
Edición:1. Aufl.
Acceso en línea: Índice
Índice
Disponibilidad en Tübingen:Disponible en Tübingen.
IFK: F I 140
UB: 17 A 6785
Verificar disponibilidad: HBZ Gateway
Servicio de pedido Subito: Pedir ahora.
Volúmenes / Artículos:Mostrar volumes / artículos.
Palabras clave:

MARC

LEADER 00000cam a2200000 c 4500
001 023180765
003 DE-627
005 20260206194406.0
007 tu
008 710101s1977 gw ||||| b 00| ||ger c
010 |a  77562311  
015 |a 77,N11,0021  |2 dnb 
015 |a 77,A27,0098  |2 dnb 
016 7 |a 770251625  |2 DE-101 
020 |a 3110059886 
035 |a (DE-627)023180765 
035 |a (DE-603)023389516 
035 |a (DE-576)00565906X 
035 |a (DE-599)GBV023180765 
035 |a (OCoLC)03771153 
035 |a (OCoLC)237060392 
035 |a (DE-604)8052893898 
040 |a DE-627  |b ger  |c DE-627  |e rakwb 
041 |a ger  |a spa 
044 |c XA-DE  |c XD-US 
050 0 |a KK7987 
082 0 |a 340.08  |q OCLC  |2 22 
084 |a 04a  |2 sdnb 
084 |a PC 4630  |q DE-208  |2 rvk  |0 (DE-625)rvk/135081: 
245 0 0 |a Festschrift für Eduard Dreher  |b zum 70. Geburtstag am 29. April 1977  |c hrsg. von Hans-Heinrich Jescheck ... 
246 3 0 |a siebzigsten 
250 |a 1. Aufl. 
264 1 |a Berlin [u.a.]  |b de Gruyter  |c 1977 
300 |a X, 799 S.  |b Ill. 
336 |a Text  |b txt  |2 rdacontent 
337 |a ohne Hilfsmittel zu benutzen  |b n  |2 rdamedia 
338 |a Band  |b nc  |2 rdacarrier 
500 |a Bibliogr. E. Dreher S. 9-25 
546 |a Beitr. teilw. dt., teilw. span. 
583 1 |a Massenentsäuert  |c 2016  |k DE-18  |2 pdager  |5 DE-18-304 
600 1 0 |a Dreher, Eduard 
600 1 7 |0 (DE-588)118527304  |0 (DE-627)079328296  |0 (DE-576)160780616  |a Dreher, Eduard  |d 1907-1996  |2 gnd 
650 0 |a Criminal Law  |z Germany (West) 
650 0 7 |0 (DE-588)4057795-8  |0 (DE-627)106149458  |0 (DE-576)209123737  |a Strafrecht  |2 gnd 
655 7 |a Bibliografie  |0 (DE-588)4006432-3  |0 (DE-627)104814519  |0 (DE-576)208865578  |2 gnd-content 
655 7 |a Aufsatzsammlung  |0 (DE-588)4143413-4  |0 (DE-627)105605727  |0 (DE-576)209726091  |2 gnd-content 
655 7 |a Festschrift  |0 (DE-588)4016928-5  |0 (DE-627)104400986  |0 (DE-576)208917802  |2 gnd-content 
689 0 0 |d p  |0 (DE-588)118527304  |0 (DE-627)079328296  |0 (DE-576)160780616  |a Dreher, Eduard  |d 1907-1996  |2 gnd 
689 0 |5 (DE-627) 
689 1 0 |d s  |0 (DE-588)4057795-8  |0 (DE-627)106149458  |0 (DE-576)209123737  |a Strafrecht  |2 gnd 
689 1 |5 (DE-627) 
700 1 |a Jescheck, Hans-Heinrich  |d 1915-2009  |e Hrsg.  |0 (DE-588)118722980  |0 (DE-627)079504604  |0 (DE-576)161588867  |4 edt 
700 1 |a Dreher, Eduard  |d 1907-1996  |e GefeierteR  |0 (DE-588)118527304  |0 (DE-627)079328296  |0 (DE-576)160780616  |4 hnr 
856 4 2 |u https://swbplus.bsz-bw.de/bsz00565906Xinh.htm  |m B:DE-576;DE-B212  |q application/pdf  |v 20110324120722  |x Verlag  |3 Inhaltsverzeichnis  |7 1 
856 4 2 |u http://scans.hebis.de/HEBCGI/show.pl?02338951_toc.pdf  |m V:DE-576;B:DE-B212  |q application/pdf  |3 Inhaltsverzeichnis  |7 1 
889 |w (DE-627)440524490 
936 r v |a PC 4630  |b Für Personen  |k Rechtswissenschaft  |k Allgemeines zum juristischen Studium und zur Rechtswissenschaft  |k Festschriften, Sammelwerke  |k Für Personen  |0 (DE-627)127072195X  |0 (DE-625)rvk/135081:  |0 (DE-576)20072195X 
936 s n |a p100  |2 mzub 
951 |a BO 
ELC |b 1 
LOK |0 000 xxxxxcx a22 zn 4500 
LOK |0 001 3110324784 
LOK |0 003 DE-627 
LOK |0 004 023180765 
LOK |0 005 19980905000000 
LOK |0 008 971021||||||||||||||||ger||||||| 
LOK |0 040   |a DE-21  |c DE-627  |d DE-21 
LOK |0 852   |a DE-21 
LOK |0 852 1  |c 17 A 6785  |9 00 
LOK |0 935   |a kram  |a konv 
LOK |0 939   |a 21-10-97  |b l01 
LOK |0 000 xxxxxcx a22 zn 4500 
LOK |0 001 3110324857 
LOK |0 003 DE-627 
LOK |0 004 023180765 
LOK |0 005 20110926103410 
LOK |0 008 970221||||||||||||||||ger||||||| 
LOK |0 040   |a DE-21-24  |c DE-627  |d DE-21-24 
LOK |0 541   |e 77/904 1.Ex. 
LOK |0 689   |a s  |a Dreher, Eduard 
LOK |0 852   |a DE-21-24 
LOK |0 852 1  |c J,IVa,58  |m p  |9 00 
LOK |0 936ln  |a J,IVa, 
LOK |0 938   |k p 
LOK |0 939   |a 21-02-97  |b l01 
LOK |0 000 xxxxxcx a22 zn 4500 
LOK |0 001 3110324865 
LOK |0 003 DE-627 
LOK |0 004 023180765 
LOK |0 005 20110926103410 
LOK |0 008 970221||||||||||||||||ger||||||| 
LOK |0 040   |a DE-21-24  |c DE-627  |d DE-21-24 
LOK |0 541   |e 77/914 2.Ex. 
LOK |0 689   |a s  |a Dreher, Eduard 
LOK |0 852   |a DE-21-24 
LOK |0 852 1  |c J,IVa,58  |m p  |9 00 
LOK |0 936ln  |a J,IVa, 
LOK |0 938   |k p 
LOK |0 939   |a 21-02-97  |b l02 
LOK |0 000 xxxxxcx a22 zn 4500 
LOK |0 001 3110324873 
LOK |0 003 DE-627 
LOK |0 004 023180765 
LOK |0 005 20110926103410 
LOK |0 008 970221||||||||||||||||ger||||||| 
LOK |0 040   |a DE-21-24  |c DE-627  |d DE-21-24 
LOK |0 541   |e 77/1339: S I 
LOK |0 689   |a s  |a Dreher, Eduard 
LOK |0 852   |a DE-21-24 
LOK |0 852 1  |c J,IVa,58  |m p  |9 00 
LOK |0 852 2  |b S I  |9 00 
LOK |0 936ln  |a J,IVa, 
LOK |0 938   |k p 
LOK |0 939   |a 21-02-97  |b l03 
LOK |0 000 xxxxxcx a22 zn 4500 
LOK |0 001 3110324881 
LOK |0 003 DE-627 
LOK |0 004 023180765 
LOK |0 005 20110926103410 
LOK |0 008 970221||||||||||||||||ger||||||| 
LOK |0 040   |a DE-21-24  |c DE-627  |d DE-21-24 
LOK |0 541   |e 77/1462: S II 
LOK |0 689   |a s  |a Dreher, Eduard 
LOK |0 852   |a DE-21-24 
LOK |0 852 1  |c J,IVa,58  |m p  |9 00 
LOK |0 852 2  |b S II  |9 00 
LOK |0 936ln  |a J,IVa, 
LOK |0 938   |k p 
LOK |0 939   |a 21-02-97  |b l04 
LOK |0 000 xxxxxcx a22 zn 4500 
LOK |0 001 311032489X 
LOK |0 003 DE-627 
LOK |0 004 023180765 
LOK |0 005 20110926103410 
LOK |0 008 970221||||||||||||||||ger||||||| 
LOK |0 040   |a DE-21-24  |c DE-627  |d DE-21-24 
LOK |0 541   |e 77/1808: S III 
LOK |0 689   |a s  |a Dreher, Eduard 
LOK |0 852   |a DE-21-24 
LOK |0 852 1  |c J,IVa,58  |m p  |9 00 
LOK |0 852 2  |b S III  |9 00 
LOK |0 936ln  |a J,IVa, 
LOK |0 938   |k p 
LOK |0 939   |a 21-02-97  |b l05 
LOK |0 000 xxxxxcx a22 zn 4500 
LOK |0 001 3110324903 
LOK |0 003 DE-627 
LOK |0 004 023180765 
LOK |0 005 20110926103410 
LOK |0 008 970221||||||||||||||||ger||||||| 
LOK |0 040   |a DE-21-24  |c DE-627  |d DE-21-24 
LOK |0 541   |e 84/1660: S IV 
LOK |0 689   |a s  |a Dreher, Eduard 
LOK |0 852   |a DE-21-24 
LOK |0 852 1  |c J,IVa,58  |m p  |9 00 
LOK |0 852 2  |b S IV  |9 00 
LOK |0 936ln  |a J,IVa, 
LOK |0 938   |k p 
LOK |0 939   |a 21-02-97  |b l06 
LOK |0 000 xxxxxcx a22 zn 4500 
LOK |0 001 3110324911 
LOK |0 003 DE-627 
LOK |0 004 023180765 
LOK |0 005 20110926103410 
LOK |0 008 930803||||||||||||||||ger||||||| 
LOK |0 040   |a DE-21-110  |c DE-627  |d DE-21-110 
LOK |0 689   |a s  |a Festschrift 
LOK |0 852   |a DE-21-110 
LOK |0 852 1  |c F I 140  |m p  |9 00 
LOK |0 935   |a k110 
LOK |0 936ln  |a 5.7 
LOK |0 938   |k p 
LOK |0 939   |a 03-08-93  |b l01 
LOK |0 000 xxxxxcx a22 zn 4500 
LOK |0 001 3110326450 
LOK |0 003 DE-627 
LOK |0 004 023180765 
LOK |0 005 19921201000000 
LOK |0 008 921201||||||||||||||||ger||||||| 
LOK |0 040   |a DE-Frei85  |c DE-627  |d DE-Frei85 
LOK |0 852   |a DE-Frei85 
LOK |0 852 1  |m p  |9 00 
LOK |0 938   |k p 
LOK |0 939   |a 01-12-92  |b l01 
ORI |a WA-MARC-krimdokb001.raw 
SIG |a IFK: F I 140 
SIG |a UB: 17 A 6785 
SPR |a 1  |t KRI